000 00628nam a22002177a 4500
005 20180808160722.0
008 180808b xxu||||| |||| 00| 0 eng d
010 _aB-121861
020 _a8176487236
035 _aB-121861
037 _bBPPD/PUB
040 _aDPL
_bENGLISH
082 _a300.7
100 _aSingh, Y.K.
245 _aTeaching of social studies /
_cby Y.K. Singh
260 _aNew Delhi
_bAPH Publishing Corporation
_c2004
270 _a5, Ansari Road Darya Ganj
_bNew Delhi
_e110002
300 _axii, 296p.
_c23 cm.(Hb)
500 _aIncludes index
942 _2ddc
_cEN
_h300.7
_mSIN
999 _c155670
_d155670